| 000 | 00957na a2200313 4500 | ||
|---|---|---|---|
| 001 | 15009 | ||
| 003 | MIRAKIL | ||
| 005 | 20181213155024.0 | ||
| 008 | 161020b tu 000 0 | ||
| 020 | _a9757105589 | ||
| 035 | _a15009 | ||
| 040 |
_aMilas _btur _cTR-AnCHP |
||
| 041 | _atur | ||
| 082 |
_a922.97 Humeyni _bB29ç [t.y.] |
||
| 090 | _a922.97 Humeyni B29ç [t.y.] | ||
| 100 | _aBaylak, Ayşen | ||
| 245 |
_aÇağa iz bırakan müslüman önderler _bİmam Humeyni _cAyşen Baylak |
||
| 246 | _aİmam Humeyni | ||
| 260 |
_aİstanbul _bİlke Yayıncılık _c[t.y] |
||
| 300 |
_a152 s. _c19 sm. |
||
| 490 |
_aÇağa iz bırakan müslüman önderler _v7 |
||
| 490 |
_aİlke Yayıncılık _v76 |
||
| 500 | _aÖzgün yapıt adı: İmam Humeyni | ||
| 504 | _aKaynakça var. | ||
| 600 |
_aHumeyni _d1902-1989 _xYaşamöyküsü |
||
| 650 |
_aSiyasal İslam _xÖnderler |
||
| 650 |
_aMüslüman önderler _xYaşamöyküsü |
||
| 942 |
_2ddc _cBKS |
||
| 999 |
_c5002 _d5002 |
||